|
|
|
|
| LEADER |
00000nam a22000007a 4500 |
| 008 |
201208b ||||| |||| 00| 0 eng d |
| 020 |
|
|
|a 978-1-4462-5613-8
|
| 100 |
|
|
|a BAAIJ, Marc G.
|
| 245 |
|
|
|a An introduction to management consultancy
|c Marc G. Baaij
|g xix, 580p.; ill.
|
| 260 |
|
|
|b SAGE
|h Los Angeles
|i 693219
|i 693220
|l HD69 .C6B11
|m Business consultants
|
| 500 |
|
|
|a “It includes references and index”.
|
| 942 |
|
|
|a lcc
|c BK
|e O.A. JOHNSON
|f 08/12/20
|
| 952 |
|
|
|0 0
|1 0
|2 lcc
|4 0
|6 HD0069 C6 B11
|7 0
|9 176
|a HOL
|b MPL
|c GJ
|d 2020-12-08
|l 0
|o HD69 .C6B11
|p 2020-0124
|r 2020-12-08 00:00:00
|w 2020-12-08
|y BK
|
| 952 |
|
|
|0 0
|1 0
|2 lcc
|4 0
|6 HD0069 C6 B11
|7 0
|9 177
|a HOL
|b MPL
|c GJ
|d 2020-12-08
|l 0
|o HD69 .C6B11
|p 2020-0125
|r 2020-12-08 00:00:00
|w 2020-12-08
|y BK
|
| 999 |
|
|
|c 61
|d 61
|